000 00717cam a2200229 4500
001 WB3408-15
008 090401t1998 xxu||||| |||| 00| 0 eng d
035 _a(Sirsi) u99269
041 _aeng
245 _aNew rules may delay EU grants
260 _c1998
350 _a0
490 _aFinancial Times
_v23 January 1998 8(1)
520 _aPredicts that new rules for processing applications for EU funding could lead to delays in the distribution of funds to the regions particularly those benefetting from the Objective 2 scheme.
650 _aEC FUNDING
650 _aOBJECTIVE 1
650 _aOBJECTIVE 2
650 _aREGIONS
690 _aEUROPE-SINGLE MARKET
942 _n0
948 _c27/02/1998
999 _c99255
_d99255